Quantitative Methods for Business. (Record no. 349232)

000 -LEADER
fixed length control field 00420 a2200169 4500
020 ## - INTERNATIONAL STANDARD BOOK NUMBER
International Standard Book Number 8131503089
024 ## - OTHER STANDARD IDENTIFIER
Standard number or code 9788131503089
082 ## - DEWEY DECIMAL CLASSIFICATION NUMBER
Classification number 658.4033
090 ## - LOCALLY ASSIGNED LC-TYPE CALL NUMBER (OCLC); LOCAL CALL NUMBER (RLIN)
-- 6893
-- 6893
100 ## - MAIN ENTRY--PERSONAL NAME
Personal name Anderson,David R.
245 ## - TITLE STATEMENT
Title Quantitative Methods for Business.
Statement of responsibility, etc. David R.Anderson
250 ## - EDITION STATEMENT
Edition statement 10th.
260 ## - PUBLICATION, DISTRIBUTION, ETC.
Place of publication, distribution, etc. Australia
Name of publisher, distributor, etc. Thomson
Date of publication, distribution, etc. 2007
300 ## - PHYSICAL DESCRIPTION
Extent 822p.
500 ## - GENERAL NOTE
General note Paper cover
942 ## - ADDED ENTRY ELEMENTS (KOHA)
Institution code [OBSOLETE] NBS
Koha item type Book
Call number prefix 658.4033 AND
Holdings
Withdrawn status Lost status Damaged status Not for loan Permanent Location Current Location Date acquired Total Checkouts Total Renewals Full call number Barcode Date last seen Date last checked out Price effective from Koha item type
        Central Library (CL) Central Library (CL) 08/28/2013 1 1 658.4033 AND NBSD-1910 11/23/2024 10/19/2024 08/28/2013 Book
© 2023 Central Library, National University of Sciences and Technology. All Rights Reserved.